export_success — 

Continuing Professional Development - Preparing for New Roles in Libraries : Sixth World Conference on Continuing Professional Development and Workplace Learning for the Library and Information Professions.

The International Federation of Library Associations and Institutions (IFLA) is the leading international body representing the interests of library and information services and their users. It is the global voice of the information profession. The series IFLA Publications deals with many of the mea...

Full description

Bibliographic Details
Main Author: Genoni, Paul.
Other Authors: Walton, Graham.
Format: eBook
Language:English
Published: Berlin/Boston : De Gruyter, Inc., 2005.
Edition:1st ed.
Series:IFLA Publications
Subjects:
Online Access:Click to View
LEADER 02295nam a22004093i 4500
001 EBC7015459
003 MiAaPQ
005 20231204023226.0
006 m o d |
007 cr cnu||||||||
008 231204s2005 xx o ||||0 eng d
020 |a 9783598440168  |q (electronic bk.) 
020 |z 9783598218446 
035 |a (MiAaPQ)EBC7015459 
035 |a (Au-PeEL)EBL7015459 
035 |a (OCoLC)1334105399 
040 |a MiAaPQ  |b eng  |e rda  |e pn  |c MiAaPQ  |d MiAaPQ 
050 4 |a Z668.5.W67 2005 
100 1 |a Genoni, Paul. 
245 1 0 |a Continuing Professional Development - Preparing for New Roles in Libraries :  |b Sixth World Conference on Continuing Professional Development and Workplace Learning for the Library and Information Professions. 
250 |a 1st ed. 
264 1 |a Berlin/Boston :  |b De Gruyter, Inc.,  |c 2005. 
264 4 |c Ã2005. 
300 |a 1 online resource (307 pages) 
336 |a text  |b txt  |2 rdacontent 
337 |a computer  |b c  |2 rdamedia 
338 |a online resource  |b cr  |2 rdacarrier 
490 1 |a IFLA Publications ;  |v v.116 
520 |a The International Federation of Library Associations and Institutions (IFLA) is the leading international body representing the interests of library and information services and their users. It is the global voice of the information profession. The series IFLA Publications deals with many of the means through which libraries, information centres, and information professionals worldwide can formulate their goals, exert their influence as a group, protect their interests, and find solutions to global problems. 
588 |a Description based on publisher supplied metadata and other sources. 
590 |a Electronic reproduction. Ann Arbor, Michigan : ProQuest Ebook Central, 2023. Available via World Wide Web. Access may be limited to ProQuest Ebook Central affiliated libraries.  
655 4 |a Electronic books. 
700 1 |a Walton, Graham. 
776 0 8 |i Print version:  |a Genoni, Paul  |t Continuing Professional Development - Preparing for New Roles in Libraries: a Voyage of Discovery  |d Berlin/Boston : De Gruyter, Inc.,c2005  |z 9783598218446 
797 2 |a ProQuest (Firm) 
830 0 |a IFLA Publications 
856 4 0 |u https://ebookcentral.proquest.com/lib/matrademy/detail.action?docID=7015459  |z Click to View